Fernando's Business Enivornment: (Record no. 182850)

MARC details
000 -LEADER
fixed length control field 00634 a2200193 4500
005 - DATE AND TIME OF LATEST TRANSACTION
control field 20211208113604.0
010 ## - LCCN (DPL NO)
LC control number ENG-130231
020 ## - INTERNATIONAL STANDARD BOOK NUMBER
Terms of availability 749.00
International Standard Book Number 978-93-544-9502-1
035 ## - SYSTEM CONTROL NUMBER
System control number EN-113763
037 ## - SOURCE OF ACQUISITION
Source of stock number/acquisition DBAD / PUB
082 ## - DEWEY DECIMAL CLASSIFICATION NUMBER
Classification number 338.7
100 ## - MAIN ENTRY--PERSONAL NAME
Personal name Fernandez, Agna
245 ## - TITLE STATEMENT
Title Fernando's Business Enivornment:
Statement of responsibility, etc Agna Fernandez
250 ## - EDITION STATEMENT
Edition statement 2022
260 ## - PUBLICATION, DISTRIBUTION, ETC. (IMPRINT)
Place of publication, distribution, etc Noida
Name of publisher, distributor, etc Pearson India Education Services Pvt Ltd.
Date of publication, distribution, etc 2022
270 ## - ADDRESS
City Uttar Pradesh
Postal code 201301
Address 15th Floor, Tower-B, World Trade Tower, Plot No. 1, Block-C, Sector 16
300 ## - PHYSICAL DESCRIPTION
Extent xxix, E.351p.
Dimensions 24cm (pbk)
942 ## - ADDED ENTRY ELEMENTS (KOHA)
Institution code [OBSOLETE] dpl
Item type English Books
Source of classification or shelving scheme Dewey Decimal Classification
Classification part 338.7
Call number suffix FER
Holdings
Withdrawn status Lost status Not for loan Collection code Home library Current library Date acquired Source of acquisition Cost, normal purchase price Full call number Barcode Copy number Cost, replacement price Koha item type
      Non-fiction Shahdara Branch Shahdara Branch 08/12/2021 DBAD/PUB 749.00 338.7 FER EN-113763 1 749.00 English Books

© Delhi Public Library
Hit Counter
free hit counter